000 00338nam a22001337a 4500
008 170714b xxu||||| |||| 00| 0 eng d
020 _a9780415031226
041 _aeng
080 _a101
100 _a24
101 _aFIL
245 _aJOHN DEESS NATURAL PHILOSOPHY BETWEEN SCIENCE AND RELIGION
_cCLULEE,N.H
942 _2udc
_cBK
999 _c20826
_d20826